Más brillante que mil soles (Record no. 85775)

MARC details
000 -LEADER
campo de control de longitud fija 00630nam a2200181 i 4500
001 - NÚMERO DE CONTROL
campo de control 85775
003 - IDENTIFICADOR DE NÚMERO DE CONTROL
campo de control ES-MaACL
005 - FECHA Y HORA DE LA ÚLTIMA TRANSACCIÓN
campo de control 20230906175315.0
007 - CAMPO FIJO DE DESCRIPCIÓN FÍSICA--INFORMACIÓN GENERAL
campo de control de longitud fija t|
008 - DATOS DE LONGITUD FIJA--INFORMACIÓN GENERAL
campo de control de longitud fija 041201s1959 sp ||||1| spa d
100 1# - ENTRADA PRINCIPAL--NOMBRE DE PERSONA
Nombre de persona Jungk, Robert.
9 (RLIN) 67300
245 10 - MENCIÓN DEL TÍTULO
Título Más brillante que mil soles
Resto del título : los hombres del átomo ante la historia y ante su conciencia /
Mención de responsabilidad, etc. Robert Jungk ; [traducido del alemán por Ana M. Schuluter Rodes].
250 ## - MENCION DE EDICION
Mención de edición [1ª ed.].
260 ## - PUBLICACIÓN, DISTRIBUCIÓN, ETC.
Lugar de publicación, distribución, etc. Barcelona :
Nombre del editor, distribuidor, etc. Argos,
Fecha de publicación, distribución, etc. [1959] (
Fabricante Raiclán)
300 ## - DESCRIPCIÓN FÍSICA
Extensión 315 p., 7 lám. ;
Dimensiones 22 cm.
700 1# - ENTRADA AGREGADA--NOMBRE PERSONAL
Nombre de persona Schluter Rodes, Ana M.
9 (RLIN) 104441
852 ## - LOCALIZACIÓN
Ubicación ES-MaACL
Número de control de estantería C-16462
Sublocalización o colección R.44418
Holdings
Estatus retirado Estado de pérdida Estado de daño No para préstamo Biblioteca de origen Biblioteca actual Ubicación en estantería Fecha de adquisición Fuente de adquisición Total de préstamos Signatura topográfica completa Código de barras Visto por última vez Precio de reemplazo Tipo de ítem Koha
        Biblioteca del Ateneo de Madrid Biblioteca del Ateneo de Madrid Galería 17/01/2008     C-16462 1089631 23/02/2023 23/02/2023 Libro impreso